000 00856nam a2200229Ia 4500
003 GCL
008 140319s9999 xx 000 0 ara d
040 _aGCL /
_cGCL
082 0 4 _a189.1
_bع ف
100 1 _aمحمد عاطف العراقى
245 1 0 _aالفيلسوف ابن رشد مفكرا عربيا ورائدا للاتجاه العقلى /
_cمحمد عاطف العراقى
700 1 _aابن رشد : ابوالوليد محمد بن احمد بن محمد الاندلسى القرطبى
260 _a[S.N] :
_bالمجلس الاعلى للثقافة ،
_c1993
300 _a466
490 _a
650 0 4 _aالفلسفة الاسلامية
650 0 4 _aالفلسفة
650 0 4 _aالفلسفة العقلية
650 0 4 _aالفلاسفة المسلمون
650 0 4 _aالفلاسفة العرب
942 _2ddc
_cBK
999 _c27533
_d27533